banner koha

Replicação e excreção viral durante a infecção aguda e após a reativação da latencia induzida por dexametasona em bezerros inoculados com os herpesvírus bovinos tipo ! (BHV-!)e 5(BHV) (Registro n. 181561)

MARC details
000 -LÍDER
campo de controle de tamanho fixo 01104nas a2200349 4500
001 - NÚMERO DE CONTROLE
campo de controle BR0500816
003 - IDENTIFICADOR DO NÚMERO DE CONTROLE
campo de controle BR-BrBNA
005 - DATA E HORÁRIO DA ÚLTIMA TRANSAÇÃO
campo de controle 20231205105149.0
007 - CAMPO FIXO DE DESCRIÇÃO FÍSICA--INFORMAÇÃO GERAL
campo de controle de tamanho fixo ta
008 - CAMPO DE DADOS FIXOS--INFORMAÇÃO GERAL
campo de controle de tamanho fixo 230509b bl.|||p| |||| 00| 00por d
040 ## - FONTE DA CATALOGAÇÃO
Instituição da catalogação original BR-BrBNA
Idioma da catalogação por
Instituição que transcreveu o registro Biblioteca Nacional de Agricultura
041 ## - CÓDIGO DE IDIOMA
Código do idioma do texto/trilha sonora ou título diferente (Pt)
072 ## - CÓDIGO DE CATEGORIA DE ASSUNTO
Código de Categoria de Assunto L73; L70
100 1# - ENTRADA PRINCIPAL--NOME PESSOAL
Nome pessoal Vogel, F.S.F.
100 1# - ENTRADA PRINCIPAL--NOME PESSOAL
Nome pessoal Lima, M. de
100 1# - ENTRADA PRINCIPAL--NOME PESSOAL
Nome pessoal Flores, E.F.
100 1# - ENTRADA PRINCIPAL--NOME PESSOAL
Nome pessoal Weblen, R.
100 1# - ENTRADA PRINCIPAL--NOME PESSOAL
Nome pessoal Winkelmann, E.R.
100 1# - ENTRADA PRINCIPAL--NOME PESSOAL
Nome pessoal Mayer, S.V.
100 1# - ENTRADA PRINCIPAL--NOME PESSOAL
Nome pessoal Mazzutti, K.C.
100 1# - ENTRADA PRINCIPAL--NOME PESSOAL
Nome pessoal Arenhart, S.
245 1# - TÍTULO
Título Replicação e excreção viral durante a infecção aguda e após a reativação da latencia induzida por dexametasona em bezerros inoculados com os herpesvírus bovinos tipo ! (BHV-!)e 5(BHV)
650 ## - ASSUNTO--TERMO TÓPICO
Cabeçalho tópico ou nome geográfico BEZERRO
650 ## - ASSUNTO--TERMO TÓPICO
Cabeçalho tópico ou nome geográfico HERPESVÍRUS
650 ## - ASSUNTO--TERMO TÓPICO
Cabeçalho tópico ou nome geográfico INFECÇÃO
650 ## - ASSUNTO--TERMO TÓPICO
Cabeçalho tópico ou nome geográfico CORIZA
650 ## - ASSUNTO--TERMO TÓPICO
Cabeçalho tópico ou nome geográfico INOCULAÇÃO ARTIFICIAL
650 ## - ASSUNTO--TERMO TÓPICO
Cabeçalho tópico ou nome geográfico MEDICAMENTO
773 0# - ENTRADA ANALÍTICA
Título Ciência Rural (Brazil)
ISSN - International Standard Serial Number ISSN 0103-8478
Partes relacionadas (Sep-Oct 2004), v. 34(5) p. 1619-1621
Número de controle do registro BR0500816
909 ## -
-- 202311
-- Lúcia
-- 55
-- Lúcia Elande
942 ## - ELEMENTOS DE ENTRADA ADICIONADOS (KOHA)
Fonte da classificação ou esquema de arquivamento na estante Classificação AGRIS
Ocultar no OPAC Não
Tipo de material Koha Analítica
Exemplares
Situação do descarte Fonte da classificação ou esquema de arquivamento na estante Situação física Não pode ser emprestado Biblioteca de origem Biblioteca atual Localização na estante Enumeração do periódico / cronologia Total de empréstimos Data de último acesso Número do exemplar Tipo de material Koha Fonte de aquisição
  Classificação AGRIS   Consulta local Biblioteca Nacional de Agricultura - Binagri Biblioteca Nacional de Agricultura - Binagri   (Sep-Oct 2004), v. 34(5) p. 1619-1621   29/11/2023 01 Periódicos Portaria Interministerial nº 164/94

BINAGRI

Telefone: (61)3218-2567/2388/3357/2097 - binagri@agro.gov.br

Ministério da Agricultura e Pecuária , Esplanada dos Ministérios, Bloco D, Anexo B, Brasília/DF, CEP: 70.043-900